• 首页
  • 本馆介绍
  • 公告通知
  • 最新文献
  • 馆藏检索
  • 电子资源
  • 读者导购
  • 参考咨询
  • 我的图书馆
  • 登录
  • 详细信息显示
  • 放入我的书架
  • 预约/预借图书
  • 作者相关作品
  • 分类相关作品
  • 丛书相关作品
  • 出版社相关作品

书目信息

  • 表格格式
  • 工作单格式
  • 卡片格式
题名:
汽车碰撞分析与估损
    
 
作者: 白建伟 , 吴友生 主编 ;全国汽车维修专项技能认证技术支持中心 组编
分册:  
出版信息: 北京   机械工业出版社  2015.09
页数: 389页
开本: 26cm
丛书名:
单 册:
中图分类: U472.9 , U472.4
科图分类:
主题词: 汽车--故障诊断--职业技能--鉴定--教材
电子资源:
ISBN: 978-7-111-51480-0
000 01303nam0 2200277 450
001 5707
005 20181022085200.68
010    @a978-7-111-51480-0@dCNY59.90
100    @a20160109d2015 em y0chiy50 ea
101 0  @achi
102    @aCN@b110000
105    @aa z 000yy
200 1  @a汽车碰撞分析与估损@9qi che peng zhuang fen xi yu gu sun@f全国汽车维修专项技能认证技术支持中心组编@g白建伟,吴友生主编
205    @a2版
210    @a北京@c机械工业出版社@d2015.09
215    @a389页@c图@d26cm
300    @a人力资源和社会保障部职业技能鉴定中心汽车维修专项技能认证指定教材
330    @a本书以人力资源和社会保障部汽车估损师认证标准为依据,充分结合汽车碰撞分析与估损实际经验,按照估损人员实际工作过程中的认知规律制定课程内容。主要内容包括保险与风险的概念、种类及管理方法,车辆识别知识,车辆事故勘查实务操作与规范,车辆碰撞类型、损伤分析及评定,汽车修理的各种工艺,电子估损系统的应用,二手车鉴定评估相关知识。
606 0  @a汽车@x故障诊断@x职业技能@x鉴定@j教材
690    @aU472.9@v5
690    @aU472.4@v4
701  0 @a白建伟@9bai jian wei@4主编
701  0 @a吴友生@9wu you sheng@4主编
712 02 @a全国汽车维修专项技能认证技术支持中心@9quan guo qi che wei xiu zhuan xiang ji neng ren zheng ji shu zhi chi zhong xin@4组编
801  0 @aCN@b91MARC@c20160109
905    @aMuseLib@dU472.4@e826=2
    
    汽车碰撞分析与估损/全国汽车维修专项技能认证技术支持中心组编/白建伟,吴友生主编.-2版.-北京:机械工业出版社,2015.09
    389页:图;26cm
    人力资源和社会保障部职业技能鉴定中心汽车维修专项技能认证指定教材
    
    ISBN 978-7-111-51480-0:CNY59.90
    本书以人力资源和社会保障部汽车估损师认证标准为依据,充分结合汽车碰撞分析与估损实际经验,按照估损人员实际工作过程中的认知规律制定课程内容。主要内容包括保险与风险的概念、种类及管理方法,车辆识别知识,车辆事故勘查实务操作与规范,车辆碰撞类型、损伤分析及评定,汽车修理的各种工艺,电子估损系统的应用,二手车鉴定评估相关知识。
●
相关链接 在E读中查询图书 在五车中查询图书 在当当中查询图书 在豆瓣中查询图书


正题名:汽车碰撞分析与估损     索取号:U472.4/826=2         预约/预借

序号 登录号 条形码 馆藏地/架位号 状态 备注
1 1130909   211309092   第二样本阅览室/ [索取号:U472.4/826=2] 在馆    
2 1130910   211309109   第三借阅区/ [索取号:U472.4/826=2] 在馆    
3 1130911   211309118   第三借阅区/ [索取号:U472.4/826=2] 在馆    
4 1130912   211309127   第三借阅区/ [索取号:U472.4/826=2] 在馆    
5 1130913   211309136   密集书库-物理学院/ [索取号:U472.4/826=2] 在馆    
唐山师范学院图书馆 欢迎您!
大连网信软件有限公司© 版权所有